000 00812nam a2200169 a 4500
001 000032028
005 20200930063353.0
008 100226s1979 dr 001 0 spa d
040 _aDO-SdBNP
_bspa
_cBNPHU
082 _axxxx
_bR426l
110 1 _aRepública Dominicana.
_bCongreso Nacional
_916501
240 1 3 _a[Leyes, etc.]
245 1 0 _aLey no.2569, modificada, de impuesto sobre sucesiones y donaciones.
260 _aCiudad Trujillo, República Dominicana :
_bDirección General del Impuesto Sobre Beneficios,
_c1979.
300 _a38 p. ;
_c20 cm.
505 0 _g1
_tLey no. 985 sobre filiación de los hijos naturales ;
_g2
_tJurisprudencia actual relacionada con la aplicación del impuesto sobre sucesiones y donaciones ;
_g3
_tÍndice de la legislación del inpuesto sobre sucesiones, particiones y donaciones
999 _c31519
_d31519